000 00539nam a2200181 a 4500
001 000016962
005 20200929165008.0
008 100312s2001 dr 000 0 spa d
040 _aDO-SdBNP
_bspa
_cBNPHU
082 _axxx
_bA347m
100 1 _aAlcántara C., Emeterio
_937494
245 1 0 _aManual para mejorar la ortografía /
_cEmeterio Alcántara C.
250 _a3ra. ed. Revisada y Corregida
260 _aSanto Domingo
_fVM
_c2001.
300 _a95 p. ;
_c28 cm.
504 _aIncluye referencias bibliográficas
049 _aBNPD
999 _c16494
_d16494